[Event "34. Open Internacional de Andorra 2016"]
[Site "Andorra AND"]
[Date "2016.08.06"]
[Round "4.11"]
[White "Gozzoli, Yannick"]
[Black "Cantin, Loic"]
[Result "0-1"]
[WhiteElo "2573"]
[BlackElo "2146"]
[PlyCount "70"]
[EventDate "2016.08.03"]
[EventType "swiss"]
[EventRounds "9"]
[EventCountry "AND"]
[SourceTitle "Ajedrez en Madrid"]
[Source "lmi"]
[SourceDate "2016.08.03"]
[SourceVersion "1"]
[SourceVersionDate "2018.03.01"]
[SourceQuality "1"]

1. d4 Nf6 2. c4 g6 3. Nc3 Bg7 4. Nf3 O-O 5. e4 d6 6. Be2 e5 7. O-O Nc6 8. d5
Ne7 9. Nh4 Ne8 10. g3 f5 11. exf5 Nxf5 12. Nxf5 Bxf5 13. f3 c5 14. Be3 a6 15.
Qd2 Rb8 16. a4 Qa5 17. g4 Bd7 18. Ne4 Qxd2 19. Bxd2 a5 20. Bxa5 Ra8 21. Bd2
Rxa4 22. Kg2 h6 23. Bd3 g5 24. Rxa4 Bxa4 25. Ra1 Bb3 26. Ra7 Bd1 27. Rxb7 Bxf3+
28. Kg3 Bh1 29. h3 Rf3+ 30. Kh2 Rxd3 31. Kxh1 Rd4 32. Rb8 Kf7 33. Rb7+ Kf8 34.
Ng3 Rxd2 35. Nf5 e4 0-1

[Event "34. Open Internacional de Andorra 2016"]
[Site "Andorra AND"]
[Date "2016.08.06"]
[Round "4.12"]
[White "Riff, Jean-Noel"]
[Black "Trouve, Guillaume"]
[Result "1-0"]
[WhiteElo "2483"]
[BlackElo "2142"]
[PlyCount "67"]
[EventDate "2016.08.03"]
[EventType "swiss"]
[EventRounds "9"]
[EventCountry "AND"]
[SourceTitle "Ajedrez en Madrid"]
[Source "lmi"]
[SourceDate "2016.08.03"]
[SourceVersion "1"]
[SourceVersionDate "2018.03.01"]
[SourceQuality "1"]

1. e4 c5 2. Nf3 d6 3. Bc4 Nf6 4. d3 Nc6 5. c3 Bg4 6. Qb3 e6 7. Qxb7 Rc8 8. Bb5
Qc7 9. Qxc7 Rxc7 10. Nbd2 Be7 11. h3 Bxf3 12. Nxf3 O-O 13. Ke2 Rb8 14. Ba4 c4
15. Bc2 cxd3+ 16. Bxd3 d5 17. exd5 exd5 18. Rd1 Bc5 19. Kf1 Re7 20. b4 Bd6 21.
Bg5 Ne5 22. Nd4 Nxd3 23. Rxd3 Rc7 24. f3 Be5 25. Bd2 Nh5 26. Re1 Nf4 27. Bxf4
Bxf4 28. Ne2 Be5 29. Rxd5 f6 30. Rc1 Rbc8 31. f4 Bxc3 32. Rxc3 Rxc3 33. Nxc3
Rxc3 34. Rd8+ 1-0

[Event "34. Open Internacional de Andorra 2016"]
[Site "Andorra AND"]
[Date "2016.08.06"]
[Round "4.13"]
[White "Malassagne, Isabelle"]
[Black "Jerez Perez, Alfonso"]
[Result "0-1"]
[WhiteElo "2140"]
[BlackElo "2386"]
[PlyCount "94"]
[EventDate "2016.08.03"]
[EventType "swiss"]
[EventRounds "9"]
[EventCountry "AND"]
[SourceTitle "Ajedrez en Madrid"]
[Source "lmi"]
[SourceDate "2016.08.03"]
[SourceVersion "1"]
[SourceVersionDate "2018.03.01"]
[SourceQuality "1"]

1. e4 Nc6 2. Nf3 d6 3. Bc4 Nf6 4. Nc3 Bg4 5. h3 Bh5 6. g4 Bg6 7. d3 e6 8. Bg5
Be7 9. Qd2 h6 10. Be3 a6 11. Bb3 Na5 12. O-O-O Nxb3+ 13. axb3 Qd7 14. e5 Nd5
15. Nxd5 exd5 16. exd6 Bxd6 17. Bd4 O-O 18. Kb1 c5 19. Be5 a5 20. Bxd6 Qxd6 21.
Nh4 a4 22. Nf5 Bxf5 23. gxf5 a3 24. Rhg1 axb2 25. Kxb2 Qf6+ 26. d4 Ra6 27. Ra1
Rxa1 28. Rxa1 cxd4 29. Qd3 Re8 30. Ra7 b6 31. Ra4 Re4 32. f3 Rf4 33. Ra8+ Kh7
34. Ra4 h5 35. Ka2 Qxf5 36. Rxd4 Rxf3 37. Qd1 Rf1 38. Rxd5 Rxd1 39. Rxf5 Kg6
40. Rb5 Rd6 41. h4 f6 42. c4 Kh6 43. c5 bxc5 44. Rxc5 g5 45. hxg5+ fxg5 46. b4
h4 47. b5 Kh5 0-1

[Event "34. Open Internacional de Andorra 2016"]
[Site "Andorra AND"]
[Date "2016.08.06"]
[Round "4.14"]
[White "Trepat Herranz, Joan"]
[Black "Aizpurua Blanco, Juan Antonio"]
[Result "1-0"]
[WhiteElo "2360"]
[BlackElo "2140"]
[PlyCount "55"]
[EventDate "2016.08.03"]
[EventType "swiss"]
[EventRounds "9"]
[EventCountry "AND"]
[SourceTitle "Ajedrez en Madrid"]
[Source "lmi"]
[SourceDate "2016.08.03"]
[SourceVersion "1"]
[SourceVersionDate "2018.03.01"]
[SourceQuality "1"]

1. e4 c6 2. d4 d5 3. Nd2 dxe4 4. Nxe4 Nd7 5. Ng5 Ndf6 6. Bc4 e6 7. N1f3 h6 8.
Nh3 Bd6 9. Qe2 Ne7 10. Nf4 c5 11. dxc5 Bxc5 12. Nd3 Bd6 13. Nfe5 Nc6 14. Nxc6
bxc6 15. O-O Qc7 16. f4 O-O 17. b3 a5 18. Bb2 Be7 19. Rae1 Re8 20. Ne5 Ba6 21.
Bxa6 Qb6+ 22. Kh1 Qxa6 23. Qf3 Rac8 24. g4 Nh7 25. g5 hxg5 26. Qh5 Rf8 27. fxg5
g6 28. Nxg6 1-0

[Event "34. Open Internacional de Andorra 2016"]
[Site "Andorra AND"]
[Date "2016.08.06"]
[Round "4.15"]
[White "Bas Mas, Miguel"]
[Black "Pein, Malcolm"]
[Result "0-1"]
[WhiteElo "2123"]
[BlackElo "2357"]
[PlyCount "110"]
[EventDate "2016.08.03"]
[EventType "swiss"]
[EventRounds "9"]
[EventCountry "AND"]
[SourceTitle "Ajedrez en Madrid"]
[Source "lmi"]
[SourceDate "2016.08.03"]
[SourceVersion "1"]
[SourceVersionDate "2018.03.01"]
[SourceQuality "1"]

1. e4 d6 2. d4 Nf6 3. Nc3 c6 4. h3 g6 5. Nf3 Bg7 6. a4 O-O 7. Be2 Nbd7 8. e5
dxe5 9. dxe5 Nd5 10. Nxd5 cxd5 11. Qxd5 Nxe5 12. Qxd8 Rxd8 13. Nxe5 Bxe5 14.
Bf3 Bf5 15. c3 Bd3 16. Be3 Rac8 17. O-O-O b6 18. Rd2 Bc4 19. Rhd1 Rd6 20. Rxd6
Bxd6 21. Kc2 Kf8 22. Bd5 Ke8 23. a5 bxa5 24. Bxa7 Bb5 25. Bd4 a4 26. Re1 e6 27.
Be4 Bc4 28. Bd3 Bb3+ 29. Kd2 Rb8 30. c4 Rc8 31. Kc3 Bc7 32. Bc5 Bd8 33. Kb4 Bf6
34. Re2 Rb8+ 35. Ka3 Rc8 36. Bb4 Bd4 37. c5 Rxc5 38. Be4 Rc1 39. Re1 Rxe1 40.
Bc6+ Kd8 41. Bxe1 Bc5+ 42. Bb4 Bxf2 43. Bxa4 Bxa4 44. Kxa4 e5 45. Kb5 Kd7 46.
Kc4 f5 47. Ba5 e4 48. b4 Be1 49. Bb6 f4 50. b5 Bd2 51. Bd4 Be3 52. Be5 f3 53.
gxf3 exf3 54. Kd3 Bb6 55. Kd2 g5 0-1

[Event "34. Open Internacional de Andorra 2016"]
[Site "Andorra AND"]
[Date "2016.08.06"]
[Round "4.16"]
[White "Aranda Marin, Cristian"]
[Black "Monpeurt, Cyrielle"]
[Result "0-1"]
[WhiteElo "2350"]
[BlackElo "2136"]
[PlyCount "84"]
[EventDate "2016.08.03"]
[EventType "swiss"]
[EventRounds "9"]
[EventCountry "AND"]
[SourceTitle "Ajedrez en Madrid"]
[Source "lmi"]
[SourceDate "2016.08.03"]
[SourceVersion "1"]
[SourceVersionDate "2018.03.01"]
[SourceQuality "1"]

1. d4 Nf6 2. Nc3 d5 3. Bg5 c6 4. Qd2 Bf5 5. f3 h6 6. Bh4 Nbd7 7. O-O-O Bh7 8.
e4 g5 9. Bg3 dxe4 10. d5 Bg7 11. dxc6 bxc6 12. Bc4 exf3 13. Nxf3 O-O 14. Qe2
Qb6 15. Qxe7 Rae8 16. Qa3 Re3 17. Na4 Rxa3 18. Nxb6 Nxb6 19. Bxf7+ Rxf7 20.
bxa3 Nfd5 21. Rhe1 Nc4 22. Re8+ Rf8 23. Rxf8+ Bxf8 24. Rd4 Bxa3+ 25. Kd1 c5 26.
Rd3 Nb2+ 27. Kd2 Nxd3 28. cxd3 Bb4+ 29. Kc2 Ne3+ 30. Kb3 Bxd3 31. a3 Ba5 32. h4
gxh4 33. Nxh4 c4+ 34. Ka4 Bd8 35. Bf2 Nd5 36. Nf3 a6 37. Nd4 Bb6 38. g4 Kf7 39.
Bg1 Kg6 40. Bf2 Bxd4 41. Bxd4 Kg5 42. Bg7 Nf6 0-1

[Event "34. Open Internacional de Andorra 2016"]
[Site "Andorra AND"]
[Date "2016.08.06"]
[Round "4.17"]
[White "Anguera Maestro, Jaime"]
[Black "Sowray, Peter J"]
[Result "0-1"]
[WhiteElo "2092"]
[BlackElo "2348"]
[PlyCount "104"]
[EventDate "2016.08.03"]
[EventType "swiss"]
[EventRounds "9"]
[EventCountry "AND"]
[SourceTitle "Ajedrez en Madrid"]
[Source "lmi"]
[SourceDate "2016.08.03"]
[SourceVersion "1"]
[SourceVersionDate "2018.03.01"]
[SourceQuality "1"]

1. d4 Nf6 2. Nf3 g6 3. c4 Bg7 4. Nc3 d5 5. Bf4 O-O 6. e3 c5 7. h3 cxd4 8. exd4
Nc6 9. Be5 Bf5 10. Be2 dxc4 11. Bxc4 Rc8 12. Qe2 Na5 13. Bb3 Nxb3 14. axb3 a6
15. O-O Qd7 16. Rfd1 h5 17. Bf4 Nd5 18. Nxd5 Qxd5 19. Qxe7 Bxh3 20. Qd6 Be6 21.
Qxd5 Bxd5 22. Ne5 Bxb3 23. Rdc1 Be6 24. Rxc8 Rxc8 25. Rc1 Rxc1+ 26. Bxc1 Kf8
27. f4 Ke7 28. Kf2 Kd6 29. Bd2 Kd5 30. Bc3 Ke4 31. g3 h4 32. gxh4 Kxf4 33. Nd3+
Kg4 34. Ke3 Bh6+ 35. Ke2 Kxh4 36. Ne5 Bd5 37. Be1+ Kh5 38. Nd7 Bg7 39. Bf2 Kg4
40. Nb6 Bf3+ 41. Ke1 Kf5 42. Nc4 Ke6 43. Kd2 Bd5 44. Nb6 f5 45. Be3 Bf6 46. Na4
g5 47. Nc5+ Kd6 48. Nd3 f4 49. Bg1 Bc6 50. Kc3 Kd5 51. Nc5 g4 52. Nd3 Ke4 0-1

[Event "34. Open Internacional de Andorra 2016"]
[Site "Andorra AND"]
[Date "2016.08.06"]
[Round "4.18"]
[White "Da Silva, Quentin"]
[Black "Barbero Sendic, Alejandro"]
[Result "1/2-1/2"]
[WhiteElo "2110"]
[BlackElo "2336"]
[PlyCount "141"]
[EventDate "2016.08.03"]
[EventType "swiss"]
[EventRounds "9"]
[EventCountry "AND"]
[SourceTitle "Ajedrez en Madrid"]
[Source "lmi"]
[SourceDate "2016.08.03"]
[SourceVersion "1"]
[SourceVersionDate "2018.03.01"]
[SourceQuality "1"]

1. e4 c5 2. Nf3 Nc6 3. Nc3 g6 4. d4 cxd4 5. Nxd4 Bg7 6. Be3 Nf6 7. Bc4 O-O 8.
Bb3 Re8 9. h3 e6 10. O-O d5 11. exd5 Nxd5 12. Nxd5 exd5 13. c3 Na5 14. Qd3 b6
15. Rfd1 Bb7 16. Ne2 Nxb3 17. axb3 Qd6 18. b4 a5 19. bxa5 bxa5 20. Qb5 Bc6 21.
Qd3 a4 22. Nd4 Bd7 23. Nb5 Qb8 24. Nd4 Rc8 25. Ra2 h6 26. Rda1 Qb7 27. b3 axb3
28. Rxa8 Rxa8 29. Rxa8+ Qxa8 30. Nxb3 Bf5 31. Qd2 g5 32. Bd4 f6 33. Nc5 Bf8 34.
Qd1 Bd6 35. Na4 Kg7 36. Nb6 Qa5 37. Nxd5 Bc2 38. Bxf6+ Kf7 39. Qh5+ Bg6 40. Qd1
Bc2 41. Bd8 Qa2 42. Nb4 Bxb4 43. Qd7+ Kf8 44. cxb4 Qa1+ 45. Kh2 Qe5+ 46. g3 Qe1
47. Be7+ Qxe7 48. Qc8+ Kg7 49. Qxc2 Qxb4 50. Qf5 Qd6 51. h4 gxh4 52. Qg4+ Kf7
53. Qxh4 Qd2 54. Qh5+ Kg7 55. Qf5 Qe2 56. Kg2 Qd2 57. Kh3 Qe1 58. Kg4 Qd1+ 59.
Kf4 Qd4+ 60. Kf3 Qc3+ 61. Kg2 Qd2 62. Qe5+ Kg6 63. Qe3 Qc2 64. g4 Qc6+ 65. f3
h5 66. Qd3+ Kh6 67. Qd2+ Kg6 68. gxh5+ Kxh5 69. Qd3 Qe6 70. Qe4 Qxe4 71. fxe4
1/2-1/2

[Event "34. Open Internacional de Andorra 2016"]
[Site "Andorra AND"]
[Date "2016.08.06"]
[Round "4.19"]
[White "Archangelsky, Mikhail"]
[Black "Eden, James"]
[Result "0-1"]
[WhiteElo "2055"]
[BlackElo "2320"]
[PlyCount "106"]
[EventDate "2016.08.03"]
[EventType "swiss"]
[EventRounds "9"]
[EventCountry "AND"]
[SourceTitle "Ajedrez en Madrid"]
[Source "lmi"]
[SourceDate "2016.08.03"]
[SourceVersion "1"]
[SourceVersionDate "2018.03.01"]
[SourceQuality "1"]

1. d4 d5 2. Nf3 Nf6 3. e3 c6 4. c4 Bf5 5. Nc3 a6 6. Qb3 Ra7 7. Bd2 e6 8. Nh4
Be4 9. f3 dxc4 10. Bxc4 Bd5 11. Bxd5 cxd5 12. g3 Be7 13. Ng2 Nc6 14. Ne2 O-O
15. Kf2 b5 16. Rac1 Qb6 17. Rc2 Rc7 18. Rhc1 Rfc8 19. Ngf4 Ne8 20. a3 Nd6 21.
Bb4 Nxb4 22. axb4 Rxc2 23. Rxc2 Rc4 24. Nd3 Qc7 25. Nc5 Qc6 26. Qd3 Nb7 27. Qd2
Bxc5 28. bxc5 a5 29. b3 Rxc2 30. Qxc2 g6 31. Nc3 b4 32. Na4 f6 33. Qd3 Kf7 34.
h4 e5 35. h5 Nd8 36. hxg6+ hxg6 37. Nb6 exd4 38. exd4 Ne6 39. Qe3 g5 40. Kg2
Ng7 41. Qd3 Qe6 42. g4 f5 43. Qa6 fxg4 44. Qb7+ Kg6 45. fxg4 Qxg4+ 46. Kh2 Qf4+
47. Kg2 Qe4+ 48. Kh2 Qe2+ 49. Kh1 Qf1+ 50. Kh2 Qf2+ 51. Kh1 Nf5 52. Qc6+ Kh5
53. Qe8+ Kg4 0-1

[Event "34. Open Internacional de Andorra 2016"]
[Site "Andorra AND"]
[Date "2016.08.06"]
[Round "4.20"]
[White "Martinez Lopez, Ivan"]
[Black "Ronce, Nathan"]
[Result "1-0"]
[WhiteElo "2246"]
[BlackElo "2122"]
[PlyCount "155"]
[EventDate "2016.08.03"]
[EventType "swiss"]
[EventRounds "9"]
[EventCountry "AND"]
[SourceTitle "Ajedrez en Madrid"]
[Source "lmi"]
[SourceDate "2016.08.03"]
[SourceVersion "1"]
[SourceVersionDate "2018.03.01"]
[SourceQuality "1"]

1. c4 c6 2. g3 Nf6 3. Nf3 g6 4. Bg2 Bg7 5. O-O O-O 6. Nc3 d5 7. cxd5 cxd5 8. d4
Ne4 9. Qb3 Nxc3 10. Qxc3 Nc6 11. Bd2 Bf5 12. e3 Be4 13. Qb3 Qd7 14. Rac1 Rfc8
15. Bc3 e6 16. Rfd1 f6 17. a3 Bf8 18. Be1 Rc7 19. Nh4 Bxg2 20. Nxg2 Rac8 21.
Rc3 Bd6 22. h4 Ne7 23. Rdc1 Rxc3 24. Rxc3 Rxc3 25. Bxc3 Nc8 26. Bb4 Qc6 27.
Bxd6 Nxd6 28. Nf4 Kf7 29. Qb4 b6 30. Kg2 Ke7 31. b3 a5 32. Qd2 a4 33. Qb4 axb3
34. Qxb3 Qb5 35. Qd1 Nc4 36. a4 Qc6 37. Qb3 Kf7 38. Qb4 Nd6 39. a5 bxa5 40.
Qxa5 Qd7 41. Nd3 h5 42. Nc5 Qe7 43. Qa8 Ne8 44. Qc8 Nd6 45. Qh8 Ne8 46. Qh7+
Ng7 47. Qh8 Qf8 48. Qh6 Qe7 49. Qf4 e5 50. Qf3 Qd6 51. Nb7 Qd7 52. Nc5 Qd6 53.
Na4 exd4 54. exd4 Nf5 55. Qc3 Qe7 56. Nc5 Qe2 57. Qb3 Qc4 58. Qb7+ Ne7 59. Qd7
Qxd4 60. Qe6+ Ke8 61. Nd7 f5 62. Ne5 Qc5 63. Nxg6 d4 64. Nxe7 Qxe7 65. Qxf5 Qd6
66. Qxh5+ Kd7 67. Qf7+ Kc6 68. Qc4+ Kd7 69. Qd3 Qd5+ 70. Qf3 Qc4 71. h5 d3 72.
h6 Qd4 73. h7 d2 74. Qf7+ Kc6 75. Qe8+ Kb6 76. Qb8+ Kc6 77. Qa8+ Kc5 78. Qa7+
1-0

[Event "34. Open Internacional de Andorra 2016"]
[Site "Andorra AND"]
[Date "2016.08.06"]
[Round "4.21"]
[White "Nieves Cabanes, Jose Manuel"]
[Black "Smith, Matthieu"]
[Result "1-0"]
[WhiteElo "2227"]
[BlackElo "2108"]
[PlyCount "59"]
[EventDate "2016.08.03"]
[EventType "swiss"]
[EventRounds "9"]
[EventCountry "AND"]
[SourceTitle "Ajedrez en Madrid"]
[Source "lmi"]
[SourceDate "2016.08.03"]
[SourceVersion "1"]
[SourceVersionDate "2018.03.01"]
[SourceQuality "1"]

1. d4 Nf6 2. c4 e6 3. Nf3 b6 4. g3 Ba6 5. b3 Bb4+ 6. Bd2 Be7 7. Nc3 Bb7 8. Bg2
O-O 9. O-O d5 10. cxd5 Nxd5 11. Nxd5 Bxd5 12. Qc2 Nd7 13. Rfe1 c5 14. e4 Bb7
15. Rad1 cxd4 16. Nxd4 Rc8 17. Qb1 a6 18. b4 Rc4 19. Nc2 Qa8 20. Ne3 Rc7 21.
Bc3 Rxc3 22. Rxd7 Bg5 23. Qb2 Rfc8 24. f4 Bd8 25. Rxd8+ Rxd8 26. Qxc3 Bxe4 27.
Bxe4 Qxe4 28. Rd1 Rxd1+ 29. Nxd1 h5 30. Qd2 1-0

[Event "34. Open Internacional de Andorra 2016"]
[Site "Andorra AND"]
[Date "2016.08.06"]
[Round "4.22"]
[White "Schmit, Vincent"]
[Black "Nieves Cabanes, Javier"]
[Result "1/2-1/2"]
[WhiteElo "2074"]
[BlackElo "2215"]
[PlyCount "40"]
[EventDate "2016.08.03"]
[EventType "swiss"]
[EventRounds "9"]
[EventCountry "AND"]
[SourceTitle "Ajedrez en Madrid"]
[Source "lmi"]
[SourceDate "2016.08.03"]
[SourceVersion "1"]
[SourceVersionDate "2018.03.01"]
[SourceQuality "1"]

1. e4 e5 2. Nf3 Nc6 3. Bc4 Bc5 4. b4 Bxb4 5. c3 Be7 6. d4 Na5 7. Be2 exd4 8.
Qxd4 Nc6 9. Qxg7 Bf6 10. Qg3 d6 11. O-O Nge7 12. Bc4 Ng6 13. Bb3 h6 14. Be3 Qe7
15. Nd4 Bd7 16. Nd2 Nge5 17. f4 Bh4 18. Qg7 Bf6 19. Qg3 Bh4 20. Qg7 Bf6 1/2-1/2

[Event "34. Open Internacional de Andorra 2016"]
[Site "Andorra AND"]
[Date "2016.08.06"]
[Round "4.23"]
[White "Marzano, Carlo"]
[Black "Haussernot, Cecile"]
[Result "1-0"]
[WhiteElo "2199"]
[BlackElo "2099"]
[PlyCount "77"]
[EventDate "2016.08.03"]
[EventType "swiss"]
[EventRounds "9"]
[EventCountry "AND"]
[SourceTitle "Ajedrez en Madrid"]
[Source "lmi"]
[SourceDate "2016.08.03"]
[SourceVersion "1"]
[SourceVersionDate "2018.03.01"]
[SourceQuality "1"]

1. d4 Nf6 2. Nf3 e6 3. Bf4 c5 4. e3 Qb6 5. Nc3 cxd4 6. exd4 a6 7. Rb1 Bb4 8.
Bd3 Nc6 9. a3 Nd5 10. Bd2 Bxc3 11. bxc3 Qc7 12. O-O b6 13. Qe2 O-O 14. Qe4 f5
15. Qh4 Nce7 16. c4 Nf6 17. Qf4 d6 18. Rfe1 Ng6 19. Qe3 Bd7 20. Ng5 Rae8 21. d5
exd5 22. Qxb6 Rxe1+ 23. Bxe1 Qc8 24. cxd5 Re8 25. Qxd6 Ne5 26. Qxa6 Qc5 27. Ne6
Bxe6 28. dxe6 f4 29. Qb5 Qd6 30. f3 Qxe6 31. Bf2 Qf7 32. Qb3 Nd5 33. Be4 Nf6
34. Qxf7+ Kxf7 35. Rb7+ Kg8 36. Rb4 Rd8 37. Kf1 Rd1+ 38. Ke2 Ra1 39. Bd4 1-0

[Event "34. Open Internacional de Andorra 2016"]
[Site "Andorra AND"]
[Date "2016.08.06"]
[Round "4.24"]
[White "Caloone, Thomas"]
[Black "Merenciano, Alexandre"]
[Result "0-1"]
[WhiteElo "2029"]
[BlackElo "2197"]
[PlyCount "116"]
[EventDate "2016.08.03"]
[EventType "swiss"]
[EventRounds "9"]
[EventCountry "AND"]
[SourceTitle "Ajedrez en Madrid"]
[Source "lmi"]
[SourceDate "2016.08.03"]
[SourceVersion "1"]
[SourceVersionDate "2018.03.01"]
[SourceQuality "1"]

1. e4 e6 2. d4 d5 3. Bd3 c5 4. c3 Nc6 5. Ne2 dxe4 6. Bxe4 Nf6 7. Bf3 Be7 8. O-O
O-O 9. Bf4 Nd5 10. Bg3 cxd4 11. Nxd4 Nxd4 12. Qxd4 Bf6 13. Be5 Bxe5 14. Qxe5
Qf6 15. Qxf6 Nxf6 16. Na3 Bd7 17. Rfd1 Bc6 18. Bxc6 bxc6 19. Rd2 Rab8 20. Rad1
Ne4 21. Re2 Rfd8 22. Rd4 Nc5 23. Nc4 Rxd4 24. cxd4 Rd8 25. Ne3 Nd3 26. Rc2 Rd6
27. a3 f5 28. Kf1 f4 29. Ke2 Rxd4 30. Nf1 Ne5 31. Nd2 Kf7 32. Nf3 Re4+ 33. Kf1
Nxf3 34. gxf3 Ra4 35. Rxc6 Ra5 36. Ke2 Kf6 37. Rc4 g5 38. Rc7 h5 39. Rc3 Rb5
40. b4 Ke5 41. Kd3 Kd5 42. Rc2 g4 43. fxg4 hxg4 44. Ke2 a5 45. bxa5 Rxa5 46.
Rc3 Kd4 47. Rb3 f3+ 48. Ke1 Rh5 49. Rb4+ Kd3 50. Rxg4 Rxh2 51. Rg1 e5 52. Kf1
Rh8 53. Rg7 Rh1+ 54. Rg1 Rxg1+ 55. Kxg1 Ke2 56. a4 e4 57. a5 e3 58. fxe3 f2+
0-1

[Event "34. Open Internacional de Andorra 2016"]
[Site "Andorra AND"]
[Date "2016.08.06"]
[Round "4.25"]
[White "Bilquez, Romain"]
[Black "Kern, Nicolas"]
[Result "1-0"]
[WhiteElo "2183"]
[BlackElo "2079"]
[PlyCount "97"]
[EventDate "2016.08.03"]
[EventType "swiss"]
[EventRounds "9"]
[EventCountry "AND"]
[SourceTitle "Ajedrez en Madrid"]
[Source "lmi"]
[SourceDate "2016.08.03"]
[SourceVersion "1"]
[SourceVersionDate "2018.03.01"]
[SourceQuality "1"]

1. e4 e5 2. Nf3 Nc6 3. d4 exd4 4. Bc4 Nf6 5. O-O Nxe4 6. Re1 d5 7. Bxd5 Qxd5 8.
Nc3 Qd8 9. Nxe4 Be7 10. Bg5 f6 11. Bh4 O-O 12. c3 g5 13. Qb3+ Rf7 14. Bg3 f5
15. Bxc7 Qxc7 16. Nexg5 Bf6 17. Re8+ Kg7 18. Rxc8 Rxc8 19. Ne6+ Kh8 20. Nxc7
Rcxc7 21. cxd4 Nxd4 22. Nxd4 Bxd4 23. Kf1 Bg7 24. Rd1 Rf8 25. f4 a6 26. Qb6
Rcf7 27. Rd8 Kg8 28. b3 Rxd8 29. Qxd8+ Rf8 30. Qd5+ Rf7 31. Kf2 Bb2 32. Kf3 Kg7
33. h3 h5 34. Qe6 Ba3 35. Qe5+ Kg6 36. Qh8 Rf8 37. Qd4 Rf6 38. Qd8 Bf8 39. Qe8+
Rf7 40. Qd8 Rf6 41. a4 b6 42. Qe8+ Rf7 43. Qe6+ Rf6 44. Qg8+ Bg7 45. Qe8+ Rf7
46. g4 hxg4+ 47. hxg4 fxg4+ 48. Kxg4 Bd4 49. Qe4+ 1-0

[Event "34. Open Internacional de Andorra 2016"]
[Site "Andorra AND"]
[Date "2016.08.07"]
[Round "5.2"]
[White "Cori, Jorge"]
[Black "Lagarde, Maxime"]
[Result "1-0"]
[WhiteElo "2601"]
[BlackElo "2572"]
[PlyCount "91"]
[EventDate "2016.08.03"]
[EventType "swiss"]
[EventRounds "9"]
[EventCountry "AND"]
[SourceTitle "Ajedrez en Madrid"]
[Source "lmi"]
[SourceDate "2016.08.03"]
[SourceVersion "1"]
[SourceVersionDate "2018.03.01"]
[SourceQuality "1"]

1. d4 Nf6 2. c4 e6 3. Nf3 c5 4. d5 d6 5. Nc3 exd5 6. cxd5 g6 7. Bf4 Bg7 8. Qa4+
Bd7 9. Qb3 Bc8 10. Qa4+ Bd7 11. Qb3 Bc8 12. h3 O-O 13. e3 a6 14. a4 Nh5 15. Bh2
f5 16. Bd3 f4 17. O-O Nd7 18. Ne4 Ne5 19. Be2 Qe7 20. Nfg5 h6 21. Ne6 Bxe6 22.
dxe6 f3 23. Bxe5 fxe2 24. Bxd6 exf1=Q+ 25. Rxf1 Qh4 26. Qxb7 Rfe8 27. Nxc5 Rad8
28. Qf7+ Kh7 29. e7 Rc8 30. Nd7 Kh8 31. b4 Qe4 32. Nf8 Nf6 33. Ne6 Nh5 34. g4
Rg8 35. Rd1 Nf6 36. Nf8 Qf3 37. Rf1 Qxh3 38. Nxg6+ Kh7 39. Ne5 Rge8 40. b5 axb5
41. axb5 Rc3 42. b6 Kh8 43. Qe6 Kh7 44. Re1 h5 45. b7 Nxg4 46. Qg6+ 1-0

[Event "34. Open Internacional de Andorra 2016"]
[Site "Andorra AND"]
[Date "2016.08.07"]
[Round "5.3"]
[White "Demuth, Adrien"]
[Black "Aloma Vidal, Robert"]
[Result "1-0"]
[WhiteElo "2545"]
[BlackElo "2475"]
[PlyCount "117"]
[EventDate "2016.08.03"]
[EventType "swiss"]
[EventRounds "9"]
[EventCountry "AND"]
[SourceTitle "Ajedrez en Madrid"]
[Source "lmi"]
[SourceDate "2016.08.03"]
[SourceVersion "1"]
[SourceVersionDate "2018.03.01"]
[SourceQuality "1"]

1. d4 Nf6 2. c4 e6 3. Nc3 Bb4 4. Nf3 b6 5. e3 Ne4 6. Qc2 Bb7 7. Bd3 f5 8. O-O
Bxc3 9. bxc3 O-O 10. c5 Nc6 11. Rb1 Ne7 12. a4 g5 13. Nd2 Nf6 14. e4 fxe4 15.
Nxe4 Nxe4 16. Bxe4 Bxe4 17. Qxe4 Nd5 18. Rb3 bxc5 19. dxc5 Qf6 20. c4 Nf4 21.
Rd1 Rad8 22. Bxf4 Qxf4 23. Qxf4 Rxf4 24. Rb7 Rxc4 25. Rxc7 Kf7 26. c6 Kg6 27.
Rcxd7 Rc8 28. Rxa7 R8xc6 29. h3 Rf4 30. Rdd7 h6 31. Rg7+ Kh5 32. g3 Rf6 33.
Raf7 Rxf7 34. Rxf7 Kg6 35. Ra7 Kf5 36. a5 Ke4 37. a6 Rc1+ 38. Kg2 Ra1 39. Ra8
Ra2 40. a7 e5 41. g4 Ra1 42. f3+ Ke3 43. Re8 Rxa7 44. Rxe5+ Kd4 45. Re6 Rh7 46.
Rg6 Ke5 47. Kg3 Rh8 48. h4 gxh4+ 49. Kxh4 Rf8 50. Kg3 Rh8 51. Ra6 Rh7 52. f4+
Kd5 53. Kh4 Ke4 54. Ra4+ Kf3 55. Kh5 Rb7 56. g5 Rb1 57. gxh6 Rb5+ 58. Kg6 Rb6+
59. Kg5 1-0

[Event "34. Open Internacional de Andorra 2016"]
[Site "Andorra AND"]
[Date "2016.08.07"]
[Round "5.4"]
[White "Kogan, Arthur"]
[Black "Collins, Sam E"]
[Result "1/2-1/2"]
[WhiteElo "2530"]
[BlackElo "2448"]
[PlyCount "149"]
[EventDate "2016.08.03"]
[EventType "swiss"]
[EventRounds "9"]
[EventCountry "AND"]
[SourceTitle "Ajedrez en Madrid"]
[Source "lmi"]
[SourceDate "2016.08.03"]
[SourceVersion "1"]
[SourceVersionDate "2018.03.01"]
[SourceQuality "1"]

1. Nf3 d5 2. d4 Nf6 3. c4 c6 4. Qb3 dxc4 5. Qxc4 Bf5 6. g3 e6 7. Bg2 Nbd7 8.
O-O Be7 9. Rd1 h6 10. Bd2 a5 11. e3 Qb6 12. Bc3 Qa6 13. Qxa6 Rxa6 14. Nfd2 Nd5
15. e4 Bg4 16. Rc1 Nxc3 17. Nxc3 O-O 18. Nc4 Rd8 19. Ne3 Bh5 20. g4 Bg6 21. f4
f6 22. f5 Bf7 23. Bf1 Raa8 24. fxe6 Bxe6 25. Nf5 Bf8 26. Re1 Bf7 27. Rad1 Re8
28. Kg2 h5 29. gxh5 Bxh5 30. Bc4+ Bf7 31. Bxf7+ Kxf7 32. h4 g6 33. Ng3 a4 34.
h5 gxh5 35. Rh1 a3 36. b3 Ra5 37. Nf5 Bb4 38. Rd3 Rg8+ 39. Kf2 Rg5 40. Ne2 Ra8
41. Rdh3 Rh8 42. Neg3 Bf8 43. Nxh5 b5 44. Nf4 Rxh3 45. Rxh3 Kg8 46. Ne6 Rg4 47.
Nxf8 Kxf8 48. Rh8+ Rg8 49. Rxg8+ Kxg8 50. Ne7+ Kf7 51. Nxc6 f5 52. Na7 b4 53.
Nc6 Nf6 54. Nxb4 Nxe4+ 55. Ke3 Ke6 56. Kd3 Nf2+ 57. Ke3 Ne4 58. Kd3 Nf2+ 59.
Kc4 f4 60. Nc2 Nd1 61. Ne1 Ne3+ 62. Kc5 Nd5 63. Kc4 Ne3+ 64. Kd3 Nd5 65. Nc2 f3
66. Nxa3 Nb4+ 67. Ke3 Nxa2 68. Kxf3 Kd5 69. Nc2 Nc1 70. b4 Kc4 71. Ke4 Ne2 72.
d5 Nc3+ 73. Ke5 Nxd5 74. b5 Kxb5 75. Kxd5 1/2-1/2

[Event "34. Open Internacional de Andorra 2016"]
[Site "Andorra AND"]
[Date "2016.08.07"]
[Round "5.5"]
[White "Banusz, Tamas"]
[Black "Eden, James"]
[Result "1-0"]
[WhiteElo "2616"]
[BlackElo "2320"]
[PlyCount "57"]
[EventDate "2016.08.03"]
[EventType "swiss"]
[EventRounds "9"]
[EventCountry "AND"]
[SourceTitle "Ajedrez en Madrid"]
[Source "lmi"]
[SourceDate "2016.08.03"]
[SourceVersion "1"]
[SourceVersionDate "2018.03.01"]
[SourceQuality "1"]

1. Nf3 d5 2. g3 c6 3. Bg2 Bg4 4. O-O Nd7 5. h3 Bxf3 6. Bxf3 e5 7. d3 Bd6 8. e4
dxe4 9. dxe4 Qe7 10. Nd2 O-O-O 11. Nc4 Bc7 12. Qe2 Ngf6 13. a4 h5 14. Be3 Kb8
15. b4 Qe6 16. Bg2 h4 17. g4 Nf8 18. b5 Ng6 19. bxc6 Qxc6 20. Rfb1 Rd4 21. Bxd4
Qe6 22. Be3 Qc6 23. Bd4 Nf4 24. Bxa7+ Kxa7 25. Qe3+ Kb8 26. Rb4 Nd7 27. Rab1
Nc5 28. Nb6 Rd8 29. Nd5 1-0